[Event "North American-ch U20"]
[Site "Dulles"]
[Date "2023.12.21"]
[Round "5"]
[White "Su, Kevin"]
[Black "Vijayakumar, Advaith"]
[Result "0-1"]
[WhiteElo "1890"]
[BlackElo "2137"]
[PlyCount "98"]
[EventDate "2023.12.19"]
[EventType "swiss"]
[EventRounds "9"]
[EventCountry "USA"]
[SourceTitle "CB52_2023"]
[SourceDate "2023.12.27"]
[SourceVersion "1"]
[SourceVersionDate "2023.12.27"]
[SourceQuality "1"]

1. g3 Nf6 2. Bg2 d5 3. b3 e5 4. Bb2 Bd6 5. d3 0-0 6. Nd2 c5 7. e3 Nc6 8. Ne2 h5 9. h3 Be6 10. e4 h4 11. f4 hxg3 12. f5 Bd7 13. Nxg3 d4 14. 0-0 Nh7 15. Nf3 Be7 16. Bc1 b5 17. Kh2 Kh8 18. Rg1 g5 19. Nh5 Rg8 20. Rf1 Be8 21. f6 Bxf6 22. Nxf6 Qxf6 23. Nxd4 Qg6 24. Nxb5 Bd7 25. Bf3 Nf6 26. Bg4 Nxg4+ 27. hxg4 Kg7 28. Kg3 Rh8 29. Nc7 Rac8 30. Nd5 Qh6 31. Kf2 Qh4+ 32. Ke3 Qh2 33. Qe2 Rh3+ 34. Kd2 Nd4 35. Qf2 Rch8 36. Bb2 Rf3 37. Bxd4 cxd4 38. Qe2 Bxg4 39. Rxf3 Bxf3 40. Qxh2 Rxh2+ 41. Kc1 Rh1+ 42. Kb2 Rxa1 43. Kxa1 g4 44. Ne7 Kf6 45. Nf5 Kg5 46. Ng3 Kf4 47. Nh5+ Kg5 48. Ng3 Kh4 49. Nf1 Be2 0-1

[Event "Redmond PNWCC Artist 2"]
[Site "Redmond"]
[Date "2023.09.04"]
[Round "10.4"]
[White "Vijayakumar, Advaith"]
[Black "Novik, Maxim"]
[Result "1/2-1/2"]
[WhiteElo "2024"]
[BlackElo "2385"]
[PlyCount "23"]
[EventDate "2023.08.29"]
[EventType "schev"]
[EventRounds "10"]
[EventCountry "USA"]
[SourceTitle "EXT 2024"]
[Source "ChessBase"]
[SourceDate "2023.10.10"]
[SourceVersion "1"]
[SourceVersionDate "2023.10.10"]
[SourceQuality "1"]
[WhiteTeam "Challengers"]
[BlackTeam "Masters"]
[WhiteTeamCountry "USA"]
[BlackTeamCountry "USA"]

1. d4 Nf6 2. c4 g6 3. Nc3 d5 4. cxd5 Nxd5 5. Bd2 Nb6 6. e3 Bg7 7. f4 c5 8. dxc5 N6d7 9. Ne4 Bxb2 10. Rb1 Bg7 11. Qc2 0-0 12. Nf3 1/2-1/2

[Event "PNWCC-Plovdiv FIDE Hybrid II m2"]
[Site "Chess.com INT"]
[Date "2021.07.27"]
[Round "4.2"]
[White "Nikolova, Adriana"]
[Black "Vijayakumar, Advaith"]
[Result "1-0"]
[WhiteElo "2243"]
[BlackElo "1846"]
[PlyCount "85"]
[EventDate "2021.07.24"]
[EventType "schev"]
[EventRounds "8"]
[EventCountry "USA"]
[SourceTitle "EXT 2022"]
[Source "ChessBase"]
[SourceDate "2021.10.06"]
[SourceVersion "1"]
[SourceVersionDate "2021.10.06"]
[SourceQuality "1"]
[WhiteTeam "Plovdiv"]
[BlackTeam "PNWCC"]
[WhiteTeamCountry "BUL"]
[BlackTeamCountry "USA"]

1. d4 Nf6 2. Bf4 e6 3. e3 d5 4. Nf3 Bd6 5. Ne5 0-0 6. Nd2 c5 7. c3 Nc6 8. Ndf3 Ne4 9. Bd3 f6 10. Nxc6 bxc6 11. Bxd6 Qxd6 12. Bxe4 dxe4 13. Nd2 f5 14. Qa4 cxd4 15. cxd4 a5 16. Rc1 Ba6 17. Rc5 Bb5 18. Qc2 a4 19. Nc4 Qe7 20. g3 Rfd8 21. Ne5 Rdb8 22. Nxc6 Bxc6 23. Rxc6 Qb4+ 24. Kf1 Rb6 25. Rxb6 Qxb6 26. Kg2 Rb8 27. Qxa4 Qxb2 28. Qc4 Qb6 29. Rd1 Rd8 30. d5 Kf8 31. Rd4 Ke7 32. a4 e5 33. Rd1 Qg6 34. Qc7+ Ke8 35. Qxe5+ Kf8 36. d6 Re8 37. Qc5 Kg8 38. d7 Rd8 39. Qe7 Qf6 40. Qxf6 gxf6 41. a5 Kf7 42. a6 Ke7 43. a7 1-0

[Event "PNWCC-Plovdiv FIDE Hybrid II m2"]
[Site "Chess.com INT"]
[Date "2021.07.25"]
[Round "2.2"]
[White "Pantev, Veselin"]
[Black "Vijayakumar, Advaith"]
[Result "1-0"]
[WhiteElo "2393"]
[BlackElo "1846"]
[PlyCount "73"]
[EventDate "2021.07.24"]
[EventType "schev"]
[EventRounds "8"]
[EventCountry "USA"]
[SourceTitle "EXT 2022"]
[Source "ChessBase"]
[SourceDate "2021.10.06"]
[SourceVersion "1"]
[SourceVersionDate "2021.10.06"]
[SourceQuality "1"]
[WhiteTeam "Plovdiv"]
[BlackTeam "PNWCC"]
[WhiteTeamCountry "BUL"]
[BlackTeamCountry "USA"]

1. d4 Nf6 2. Nf3 e6 3. Bf4 d5 4. e3 Bd6 5. Bg3 0-0 6. Bd3 b6 7. 0-0 Bb7 8. Nbd2 Ne4 9. c4 Nd7 10. Rc1 Nxg3 11. hxg3 c5 12. cxd5 exd5 13. dxc5 Nxc5 14. Be2 Qf6 15. Nd4 Rfe8 16. N2f3 a6 17. Qc2 Ne4 18. Bd3 g6 19. a3 h5 20. Qe2 Kg7 21. b4 Rh8 22. Qb2 Rhe8 23. Rc2 Kg8 24. Ne2 Qd8 25. Rd1 Qb8 26. Nf4 Bf8 27. Qa2 Rd8 28. Rdc1 Rd7 29. Bxe4 dxe4 30. Ng5 Kg7 31. Rc7 Qe8 32. Rxd7 Qxd7 33. Rc7 Qxc7 34. Nge6+ fxe6 35. Nxe6+ Kh6 36. Nxc7 Rd8 37. Qf7 1-0

[Event "PNWCC-Plovdiv Hybrid m"]
[Site "Chess.com INT"]
[Date "2021.07.04"]
[Round "3"]
[White "Ermenkov, Evgenij"]
[Black "Vijayakumar, Advaith"]
[Result "0-1"]
[WhiteElo "2370"]
[BlackElo "1846"]
[PlyCount "86"]
[EventDate "2021.07.03"]
[EventType "schev"]
[EventRounds "4"]
[EventCountry "USA"]
[SourceTitle "EXT 2022"]
[Source "ChessBase"]
[SourceDate "2021.10.06"]
[SourceVersion "1"]
[SourceVersionDate "2021.10.06"]
[SourceQuality "1"]
[WhiteTeam "Plovdiv"]
[BlackTeam "PNWCC"]
[WhiteTeamCountry "BUL"]
[BlackTeamCountry "USA"]

1. c4 e6 2. Nf3 Nf6 3. g3 d5 4. Bg2 Be7 5. 0-0 0-0 6. d4 Nbd7 7. cxd5 exd5 8. Nc3 Re8 9. b3 Nf8 10. Ne5 c6 11. h3 Ng6 12. f4 Bd6 13. Kh2 Bf5 14. e3 Rc8 15. g4 Be6 16. Bb2 Nd7 17. Qd3 Nh4 18. Bh1 f6 19. Nf3 Nxf3+ 20. Bxf3 b5 21. Kh1 Nb6 22. Bg2 b4 23. Ne2 Qd7 24. Rae1 h5 25. f5 Bf7 26. Nf4 hxg4 27. hxg4 Re7 28. Rf3 Rce8 29. Ref1 Nc8 30. Rh3 Bxf4 31. Rxf4 Nd6 32. g5 fxg5 33. f6 Re4 34. Rf1 Bg6 35. Qd2 Rf8 36. fxg7 Rxf1+ 37. Bxf1 Rg4 38. Qxb4 Be4+ 39. Kh2 Qc7 40. Qb8+ Qxb8 41. Rh8+ Kxg7 42. Rxb8 Rh4+ 43. Kg1 Rh1+ 0-1

[Event "PNWCC-Plovdiv Hybrid m"]
[Site "Chess.com INT"]
[Date "2021.07.03"]
[Round "1"]
[White "Vijayakumar, Advaith"]
[Black "Djingarova, Emilia"]
[Result "0-1"]
[WhiteElo "1846"]
[BlackElo "2246"]
[PlyCount "94"]
[EventDate "2021.07.03"]
[EventType "schev"]
[EventRounds "4"]
[EventCountry "USA"]
[SourceTitle "EXT 2022"]
[Source "ChessBase"]
[SourceDate "2021.10.06"]
[SourceVersion "1"]
[SourceVersionDate "2021.10.06"]
[SourceQuality "1"]
[WhiteTeam "PNWCC"]
[BlackTeam "Plovdiv"]
[WhiteTeamCountry "USA"]
[BlackTeamCountry "BUL"]

1. d4 Nf6 2. c4 g6 3. g3 Bg7 4. Bg2 0-0 5. Nf3 d6 6. 0-0 Nbd7 7. Nc3 e5 8. Qc2 exd4 9. Nxd4 Nb6 10. Qd3 d5 11. cxd5 Nfxd5 12. Nxd5 Nxd5 13. Rd1 c6 14. e4 Nb4 15. Qc4 Qe7 16. Bf4 Rd8 17. Nc2 Nxc2 18. Rxd8+ Qxd8 19. Qxc2 Be6 20. Rd1 Qa5 21. b3 Qc3 22. Qe2 a5 23. Rd3 Qa1+ 24. Rd1 Qc3 25. Rd3 Qf6 26. e5 Qe7 27. Qd2 Bf5 28. Rd6 Bxe5 29. Bxe5 Qxe5 30. h4 h5 31. Bf1 Re8 32. Rd8 Rxd8 33. Qxd8+ Kg7 34. Qb6 Qa1 35. Kg2 Be4+ 36. f3 Bxf3+ 37. Kxf3 Qxf1+ 38. Ke4 Qe2+ 39. Kf4 Qxa2 40. Qxb7 Qf2+ 41. Ke4 Qxg3 42. Qb6 Qxh4+ 43. Kd3 Qb4 44. Qxc6 Qxb3+ 45. Kd4 a4 46. Qc7 a3 47. Qe5+ Kh7 0-1

[Event "PNWCC Super G60 Apr Gp2"]
[Site "Chess.com INT"]
[Date "2021.04.24"]
[Round "1"]
[White "Katz, Stewart"]
[Black "Vijayakumar, Advaith"]
[Result "1-0"]
[WhiteElo "1684"]
[BlackElo "1846"]
[PlyCount "71"]
[EventDate "2021.04.24"]
[EventType "swiss"]
[EventRounds "6"]
[EventCountry "USA"]
[SourceTitle "CBM 202 Extra"]
[Source "ChessBase"]
[SourceDate "2021.07.31"]
[SourceVersion "1"]
[SourceVersionDate "2021.07.31"]
[SourceQuality "1"]

1. e4 c5 2. Nf3 e6 3. Nc3 Nc6 4. d4 cxd4 5. Nxd4 Nf6 6. Nxc6 bxc6 7. e5 Nd5 8. Bd3 Nxc3 9. bxc3 Qa5 10. 0-0 Qxe5 11. Re1 Qc7 12. Qg4 Bb7 13. Bf4 d6 14. Rab1 g6 15. c4 c5 16. h4 Rd8 17. h5 Bg7 18. hxg6 hxg6 19. Rxe6+ fxe6 20. Qxe6+ Kf8 21. Bxg6 Bc8 22. Qd5 Qe7 23. Bg5 Bf6 24. Bd2 Kg7 25. Re1 Qb7 26. Qd3 Be5 27. f4 Bd4+ 28. Be3 Bxe3+ 29. Rxe3 Qb1+ 30. Kf2 Rh1 31. Re7+ Kf8 32. Rf7+ Kg8 33. Bh7+ Kxf7 34. Qg6+ Ke7 35. Qg7+ Ke6 36. f5# 1-0

[Event "PNWCC Super G60 Apr Gp2"]
[Site "Chess.com INT"]
[Date "2021.04.24"]
[Round "3"]
[White "Sarkar, Justin"]
[Black "Vijayakumar, Advaith"]
[Result "0-1"]
[WhiteElo "2365"]
[BlackElo "1846"]
[PlyCount "120"]
[EventDate "2021.04.24"]
[EventType "swiss"]
[EventRounds "6"]
[EventCountry "USA"]
[SourceTitle "CBM 202 Extra"]
[Source "ChessBase"]
[SourceDate "2021.07.31"]
[SourceVersion "1"]
[SourceVersionDate "2021.07.31"]
[SourceQuality "1"]

1. e4 c5 2. Nf3 e6 3. d4 cxd4 4. Nxd4 Nf6 5. Nc3 Nc6 6. a3 d5 7. Bb5 Bd7 8. exd5 Nxd4 9. Bxd7+ Qxd7 10. Qxd4 exd5 11. Bg5 Be7 12. 0-0-0 0-0 13. Nxd5 Nxd5 14. Qxd5 Qc7 15. Bxe7 Qxe7 16. Rhe1 Qc7 17. Qd6 Qc8 18. Kb1 Qf5 19. Rd2 Rac8 20. Re5 Qg4 21. f3 Qc4 22. Re4 Qf1+ 23. Ka2 h6 24. h4 Rfd8 25. Qxd8+ Rxd8 26. Rxd8+ Kh7 27. Rd2 b5 28. h5 a5 29. b3 Qc1 30. Ree2 a4 31. bxa4 bxa4 32. Rd4 Qf1 33. Rde4 Qd1 34. g4 Qd5+ 35. Kb2 f5 36. gxf5 Qxf5 37. Re5 Qxf3 38. R2e3 Qc6 39. Rc3 Qb7+ 40. Ka2 Qf7+ 41. Ka1 Qf1+ 42. Kb2 Qf6 43. Rb5 Qa6 44. Rb4 Qa5 45. Rcc4 Qxh5 46. Rxa4 Qe5+ 47. Ka2 h5 48. Rab4 Qd5 49. a4 h4 50. Ka3 g5 51. Rc7+ Kg6 52. Rb6+ Kh5 53. Rh7+ Kg4 54. Rb4+ Kg3 55. Rb3+ Kg2 56. Rhb7 h3 57. R7b5 Qd6+ 58. Ka2 g4 59. Rg5 Qf4 60. Ra5 h2 0-1

[Event "PNWCC WOW op"]
[Site "Chess.com INT"]
[Date "2020.12.27"]
[Round "6"]
[White "Estrada Nieto, Julian"]
[Black "Vijayakumar, Advaith"]
[Result "1/2-1/2"]
[WhiteElo "2280"]
[BlackElo "1846"]
[PlyCount "107"]
[EventDate "2020.12.26"]
[EventType "swiss"]
[EventRounds "9"]
[EventCountry "USA"]
[SourceTitle "CBM 200 Extra"]
[Source "ChessBase"]
[SourceDate "2021.03.31"]
[SourceVersion "1"]
[SourceVersionDate "2021.03.31"]
[SourceQuality "1"]

1. d4 Nf6 2. Nf3 e6 3. g3 d5 4. Bg2 Be7 5. 0-0 0-0 6. c4 Nbd7 7. Qc2 c6 8. Nbd2 b6 9. e4 dxc4 10. Nxc4 Bb7 11. Bg5 b5 12. Nce5 Nxe5 13. dxe5 Nd7 14. Bxe7 Qxe7 15. Rfd1 Rfd8 16. a4 bxa4 17. Rxa4 Nb6 18. Rxd8+ Qxd8 19. Rd4 Qc7 20. Qc5 Rd8 21. h4 Rxd4 22. Nxd4 Nc8 23. b4 Qb6 24. Qc3 g6 25. Bh3 Qc7 26. Qc5 Qb6 27. Qc3 Qc7 28. Nb3 Ba6 29. Nc5 Bb5 30. Qd4 Qe7 31. Nd7 c5 32. Nxc5 Kf8 33. Bf1 Bxf1 34. Kxf1 Ke8 35. Qd3 Nb6 36. Qb5+ Kf8 37. Qd3 Ke8 38. Qb5+ Kf8 39. Ke2 Qd8 40. Qd3 Qc8 41. f4 Kg8 42. Kf3 Qc6 43. Qd8+ Kg7 44. Qf6+ Kg8 45. Qd8+ Kg7 46. h5 gxh5 47. Qg5+ Kf8 48. Qh6+ Ke8 49. Qxh7 Qb5 50. Qh8+ Ke7 51. Qf6+ Ke8 52. Qh8+ Ke7 53. Qb8 Qf1+ 54. Ke3 1/2-1/2

[Event "PNWCC WOW op"]
[Site "Chess.com INT"]
[Date "2020.12.26"]
[Round "3"]
[White "Vijayakumar, Advaith"]
[Black "Sarkar, Justin"]
[Result "0-1"]
[WhiteElo "1846"]
[BlackElo "2366"]
[PlyCount "102"]
[EventDate "2020.12.26"]
[EventType "swiss"]
[EventRounds "9"]
[EventCountry "USA"]
[SourceTitle "CBM 200 Extra"]
[Source "ChessBase"]
[SourceDate "2021.03.31"]
[SourceVersion "1"]
[SourceVersionDate "2021.03.31"]
[SourceQuality "1"]

1. d4 Nf6 2. c4 e6 3. Nc3 Bb4 4. e3 Ne4 5. Qb3 c5 6. Bd3 Nxc3 7. bxc3 Ba5 8. Nf3 d6 9. 0-0 Nc6 10. Ba3 Bb6 11. Nd2 f5 12. e4 0-0 13. exf5 exf5 14. Nf3 Qf6 15. Bc1 h6 16. Re1 Bd7 17. dxc5 dxc5 18. Bf4 Rae8 19. h4 Rxe1+ 20. Rxe1 Re8 21. Rxe8+ Bxe8 22. Qc2 Bh5 23. Qe2 Ba5 24. Bd2 Qe7 25. Qxe7 Nxe7 26. Bf4 Ng6 27. Bd6 Bxf3 28. gxf3 Nxh4 29. Bxc5 Nxf3+ 30. Kf1 Nd2+ 31. Ke2 Ne4 32. Bxe4 fxe4 33. Bxa7 Bxc3 34. Ke3 Kf7 35. Kxe4 Ke6 36. f4 g6 37. Bf2 Bf6 38. a4 h5 39. Bg3 h4 40. Bf2 Bd8 41. Be3 h3 42. Kf3 Kf5 43. Kg3 Ke4 44. Bc1 Bc7 45. Kxh3 Bxf4 46. Bxf4 Kxf4 47. c5 Ke5 48. Kg4 Kd5 49. Kg5 Kxc5 50. Kxg6 Kb4 51. Kf5 Kxa4 0-1

[Event "PNWCC WOW op"]
[Site "Chess.com INT"]
[Date "2020.12.26"]
[Round "2"]
[White "Wen, Teddie"]
[Black "Vijayakumar, Advaith"]
[Result "0-1"]
[WhiteElo "2071"]
[BlackElo "1846"]
[PlyCount "74"]
[EventDate "2020.12.26"]
[EventType "swiss"]
[EventRounds "9"]
[EventCountry "USA"]
[SourceTitle "CBM 200 Extra"]
[Source "ChessBase"]
[SourceDate "2021.03.31"]
[SourceVersion "1"]
[SourceVersionDate "2021.03.31"]
[SourceQuality "1"]

1. d4 Nf6 2. c4 e6 3. Nf3 d5 4. Nc3 dxc4 5. e4 b5 6. e5 Nd5 7. Nxb5 Nb6 8. Nc3 Nc6 9. Bg5 Qd7 10. Be2 h6 11. Be3 Be7 12. 0-0 Bb7 13. Na4 Nxa4 14. Qxa4 Nxe5 15. Qd1 Nxf3+ 16. Bxf3 Bxf3 17. Qxf3 Rb8 18. Rfc1 0-0 19. Rxc4 Rxb2 20. Qg3 Bd6 21. Qg4 Kh7 22. d5 f5 23. dxe6 Qxe6 24. Qd4 Be5 25. Qd3 Rxf2 26. Re1 Rxa2 27. Bf2 Qd6 28. Qb3 Bxh2+ 29. Kf1 Ra3 30. Qc2 Qd3+ 31. Qxd3 Rxd3 32. Re7 Rfd8 33. Be3 R3d7 34. Re6 f4 35. Bxa7 Bg3 36. Rc2 Rd1+ 37. Ke2 Re1+ 0-1

[Event "Marshall CC-ch 104th"]
[Site "Chess.com INT"]
[Date "2020.12.20"]
[Round "4"]
[White "Vijayakumar, Advaith"]
[Black "Colas, Joshua"]
[Result "0-1"]
[WhiteElo "1846"]
[BlackElo "2288"]
[PlyCount "136"]
[EventDate "2020.12.19"]
[EventType "swiss"]
[EventRounds "9"]
[EventCountry "USA"]
[SourceTitle "CBM 200 Extra"]
[Source "ChessBase"]
[SourceDate "2021.03.31"]
[SourceVersion "1"]
[SourceVersionDate "2021.03.31"]
[SourceQuality "1"]

1. d4 d5 2. c4 e6 3. Nc3 Be7 4. Nf3 Nf6 5. cxd5 exd5 6. Bf4 c6 7. Qc2 Nbd7 8. h3 Nf8 9. e3 Ng6 10. Bh2 Bd6 11. Bxd6 Qxd6 12. Bd3 0-0 13. 0-0 Re8 14. Rab1 b5 15. a4 a6 16. Ne2 Ne4 17. Nd2 f5 18. f3 Nxd2 19. Qxd2 Qe7 20. Kf2 c5 21. dxc5 Qxc5 22. Rfc1 Qb6 23. f4 bxa4 24. Bc2 Bb7 25. Bxa4 Re4 26. Bc2 Rb4 27. Bxf5 Nxf4 28. Nd4 Rf8 29. Kg1 Rxd4 30. exd4 Rxf5 31. Rf1 Qxd4+ 32. Qxd4 Ne2+ 33. Kh2 Nxd4 34. Rfd1 Nb5 35. Rd2 d4 36. Re1 Kf7 37. Rde2 Bd5 38. Re7+ Kg6 39. Rd7 Bc6 40. Rd8 Rd5 41. Rg8 Kf7 42. Rc8 Bd7 43. Rc2 d3 44. Rf2+ Kg6 45. Rd2 Nd6 46. Re3 Bf5 47. g4 Be4 48. Rd1 Rb5 49. Kg3 Kf6 50. Rf1+ Ke5 51. Rf2 Kd4 52. Re1 g5 53. h4 h6 54. hxg5 hxg5 55. Rf6 Rd5 56. Rd1 Bh7 57. Rh6 Be4 58. Rf6 Nc4 59. Rxa6 Ne3 60. Ra4+ Ke5 61. Re1 d2 62. Rxe3 d1Q 63. Raxe4+ Kd6 64. Re6+ Kc5 65. Rc3+ Kd4 66. Ree3 Qg1+ 67. Kh3 Qxe3+ 68. Rxe3 Kxe3 0-1

[Event "Vancouver op"]
[Site "Chess.com INT"]
[Date "2020.07.26"]
[Round "?"]
[White "Vijayakumar, Advaith"]
[Black "Goktepe, Derin"]
[Result "1/2-1/2"]
[WhiteElo "2026"]
[BlackElo "1930"]
[PlyCount "48"]
[EventDate "2020.07.25"]
[EventType "swiss"]
[EventRounds "5"]
[EventCountry "USA"]
[SourceTitle "EXT 2023"]
[Source "ChessBase"]
[SourceDate "2022.10.05"]
[SourceVersion "1"]
[SourceVersionDate "2022.10.05"]
[SourceQuality "1"]

1. d4 Nf6 2. c4 e6 3. Nf3 b6 4. g3 Bb7 5. Bg2 g6 6. 0-0 Bg7 7. Nc3 Ne4 8. Qc2 Nxc3 9. bxc3 0-0 10. e4 d6 11. a4 a5 12. e5 Nd7 13. Bg5 Qb8 14. exd6 cxd6 15. Nd2 Bxg2 16. Kxg2 Qc7 17. Qe4 Rac8 18. Rab1 Rfe8 19. Rfe1 h6 20. Be3 f5 21. Qc2 Kh7 22. Qb3 Rb8 23. Qa3 e5 24. h4 Bf6 1/2-1/2

[Event "Vancouver op"]
[Site "Chess.com INT"]
[Date "2020.07.25"]
[Round "?"]
[White "Vijayakumar, Advaith"]
[Black "Seshadri, Sridhar"]
[Result "1-0"]
[WhiteElo "2026"]
[BlackElo "1626"]
[PlyCount "59"]
[EventDate "2020.07.25"]
[EventType "swiss"]
[EventRounds "5"]
[EventCountry "USA"]
[SourceTitle "EXT 2023"]
[Source "ChessBase"]
[SourceDate "2022.10.05"]
[SourceVersion "1"]
[SourceVersionDate "2022.10.05"]
[SourceQuality "1"]

1. d4 b5 2. Nf3 Bb7 3. Bf4 Nf6 4. e3 a6 5. a4 c6 6. Nbd2 d5 7. Bd3 e6 8. 0-0 Bd6 9. c3 h6 10. Qe2 Bxf4 11. exf4 Nbd7 12. f5 Nf8 13. Nb3 N6d7 14. Rfe1 Qc7 15. fxe6 Nxe6 16. Bf5 0-0 17. Bxe6 fxe6 18. Qxe6+ Kh8 19. Qe7 Rae8 20. Qxe8 Rxe8 21. Rxe8+ Kh7 22. axb5 cxb5 23. Re7 Qc8 24. Rae1 Nf6 25. Nc5 Bc6 26. R1e6 Ne4 27. Ne5 Qd8 28. Nxc6 Qf8 29. Nxe4 Qxf2+ 30. Nxf2 1-0

[Event "PNWCC Online Masters WOO"]
[Site "Chess.com INT"]
[Date "2020.07.05"]
[Round "6.39"]
[White "Maiti, Milind"]
[Black "Vijayakumar, Advaith"]
[Result "1/2-1/2"]
[WhiteElo "2068"]
[BlackElo "1846"]
[PlyCount "177"]
[EventDate "2020.07.04"]
[EventType "swiss (rapid)"]
[EventRounds "9"]
[EventCountry "USA"]
[SourceTitle "CBM 197 Extra"]
[Source "ChessBase"]
[SourceDate "2020.09.30"]
[SourceVersion "1"]
[SourceVersionDate "2020.09.30"]
[SourceQuality "1"]

1. d4 Nf6 2. c4 e6 3. Nc3 Bb4 4. Qc2 Nc6 5. Nf3 d6 6. e4 0-0 7. Bd3 e5 8. d5 Ne7 9. a3 Bxc3+ 10. Qxc3 a5 11. b4 Nd7 12. 0-0 f5 13. exf5 Nxf5 14. Bb2 Nf6 15. Rfe1 axb4 16. axb4 Rxa1 17. Bxa1 Nh5 18. Bf1 Nh4 19. Nxh4 Qxh4 20. g3 Qf6 21. Qd2 Bg4 22. Bc3 Bf3 23. Ra1 Be4 24. Qe3 Qf3 25. Qxf3 Bxf3 26. Ra7 Rb8 27. Bh3 Be2 28. Bf1 Bf3 29. Bg2 Be2 30. c5 Nf6 31. c6 bxc6 32. dxc6 Ne8 33. Bh3 Bc4 34. Bd7 Bf7 35. f4 exf4 36. gxf4 Rb6 37. Kf2 Kf8 38. Ke3 Bd5 39. Ra8 Bxc6 40. Rxe8+ Kf7 41. Rh8 Bxd7 42. Rxh7 Rc6 43. Rxg7+ Ke8 44. Bf6 Bf5 45. h4 Rc4 46. h5 Rxb4 47. Rxc7 Rb3+ 48. Kd4 Rh3 49. Kd5 Rxh5 50. Kxd6 Rh6 51. Ke5 Bg4 52. Re7+ Kf8 53. Rg7 Rh5+ 54. Kd6 Rf5 55. Rxg4 Rxf6+ 56. Ke5 Ra6 57. Rg1 Kf7 58. Rb1 Kf8 59. Ke4 Kf7 60. Kf3 Kf6 61. Kg4 Kf7 62. Kg5 Kf8 63. Rb7 Kg8 64. f5 Kf8 65. Rc7 Kg8 66. Rc8+ Kf7 67. Rd8 Kg7 68. Rd7+ Kf8 69. Rb7 Rc6 70. Rb2 Ra6 71. Rh2 Rb6 72. Rh6 Rxh6 73. Kxh6 Kf7 74. Kg5 Kg7 75. Kf4 Kf6 76. Kg4 Kf7 77. Kg5 Kg7 78. f6+ Kf7 79. Kf5 Kf8 80. Ke5 Kf7 81. Kf5 Kf8 82. Kf4 Kf7 83. Ke5 Kf8 84. Ke6 Ke8 85. Kf5 Kf7 86. Kg5 Kf8 87. Kg6 Kg8 88. f7+ Kf8 89. Kf6 1/2-1/2

[Event "PNWCC Online Masters WOO"]
[Site "Chess.com INT"]
[Date "2020.07.05"]
[Round "5.37"]
[White "Pan, Kevin"]
[Black "Vijayakumar, Advaith"]
[Result "1-0"]
[WhiteElo "2106"]
[BlackElo "1846"]
[PlyCount "97"]
[EventDate "2020.07.04"]
[EventType "swiss (rapid)"]
[EventRounds "9"]
[EventCountry "USA"]
[SourceTitle "CBM 197 Extra"]
[Source "ChessBase"]
[SourceDate "2020.09.30"]
[SourceVersion "1"]
[SourceVersionDate "2020.09.30"]
[SourceQuality "1"]

1. e4 c5 2. Nc3 Nc6 3. g3 g6 4. Bg2 Bg7 5. d3 e5 6. Nh3 Nge7 7. 0-0 0-0 8. Be3 d6 9. f4 Nd4 10. Qd2 Be6 11. Nd1 Nec6 12. c3 Nb5 13. f5 Bd7 14. Bh6 f6 15. Bxg7 Kxg7 16. Ne3 Nc7 17. Nf2 g5 18. g4 Be8 19. Nh1 Qe7 20. Ng3 Rd8 21. Kf2 Bf7 22. Nd5 Nxd5 23. exd5 Nb8 24. Rh1 Rh8 25. h4 h6 26. c4 Nd7 27. Ne4 b6 28. Rh3 Nf8 29. Rah1 Rh7 30. Bf3 Bg8 31. Ke3 Kh8 32. Qh2 Qg7 33. hxg5 hxg5 34. Rh6 Nd7 35. Rxh7+ Bxh7 36. Nxd6 Nf8 37. Ne4 Qe7 38. Qh6 Nd7 39. Bd1 Qg7 40. Ba4 Qxh6 41. Rxh6 Kg7 42. Rxh7+ Kxh7 43. Bxd7 Kg7 44. Be6 Rh8 45. d6 Kf8 46. Nxf6 Rh2 47. d7 Ke7 48. Nd5+ Kd8 49. f6 1-0

[Event "Emerald City op"]
[Site "Chess.com INT"]
[Date "2020.06.20"]
[Round "?"]
[White "Lu, Yiding"]
[Black "Vijayakumar, Advaith"]
[Result "0-1"]
[WhiteElo "1666"]
[BlackElo "2026"]
[PlyCount "118"]
[EventDate "2020.06.20"]
[EventType "swiss"]
[EventRounds "5"]
[EventCountry "USA"]
[SourceTitle "EXT 2023"]
[Source "ChessBase"]
[SourceDate "2022.10.05"]
[SourceVersion "1"]
[SourceVersionDate "2022.10.05"]
[SourceQuality "1"]

1. e4 c5 2. Nf3 Nc6 3. c3 Nf6 4. e5 Nd5 5. d4 cxd4 6. cxd4 d6 7. Bc4 Nb6 8. Bb5 e6 9. 0-0 Be7 10. Nc3 0-0 11. exd6 Bxd6 12. Bg5 Be7 13. Bxe7 Nxe7 14. Qc2 Bd7 15. Bd3 h6 16. Ne5 Ned5 17. Qd2 Rc8 18. f4 Ne7 19. Qe2 Bc6 20. Qf2 Nbd5 21. Nxd5 Qxd5 22. Bc4 Qd6 23. Rfe1 Rcd8 24. Rad1 Bd5 25. h3 Nf5 26. b3 Bxc4 27. Nxc4 Qd7 28. Ne5 Qd5 29. Nf3 Ne7 30. g4 Nc6 31. Qe2 Rc8 32. g5 Kh8 33. Kh2 Nb4 34. Rd2 Qf5 35. Qe5 Qxe5 36. Rxe5 Rc3 37. Kg3 Nd5 38. Ree2 Ne3 39. Kf2 Nd5 40. Kg3 g6 41. Rc2 Rfc8 42. Rxc3 Rxc3 43. h4 h5 44. Rb2 Ne3 45. Re2 Nf5+ 46. Kf2 Rxf3+ 47. Kxf3 Nxd4+ 48. Ke3 Nxe2 49. Kxe2 Kg7 50. Kd3 f6 51. gxf6+ Kxf6 52. Ke4 b6 53. b4 b5 54. Kd4 Kf5 55. Kc5 Kxf4 56. Kxb5 e5 57. Ka6 e4 58. b5 e3 59. b6 axb6 0-1

[Event "Emerald City op"]
[Site "Chess.com INT"]
[Date "2020.06.20"]
[Round "?"]
[White "Vijayakumar, Advaith"]
[Black "Raptis, Nick"]
[Result "0-1"]
[WhiteElo "2026"]
[BlackElo "2393"]
[PlyCount "112"]
[EventDate "2020.06.20"]
[EventType "swiss"]
[EventRounds "5"]
[EventCountry "USA"]
[SourceTitle "EXT 2023"]
[Source "ChessBase"]
[SourceDate "2022.10.05"]
[SourceVersion "1"]
[SourceVersionDate "2022.10.05"]
[SourceQuality "1"]

1. d4 Nf6 2. c4 g6 3. g3 Bg7 4. Bg2 0-0 5. Nf3 d6 6. 0-0 Nc6 7. Nc3 Bf5 8. d5 Na5 9. Nd2 c5 10. e4 Bd7 11. Qc2 a6 12. b3 b5 13. Bb2 bxc4 14. bxc4 Rb8 15. Rab1 Bh6 16. f4 e5 17. Nd1 exf4 18. gxf4 Nh5 19. f5 Bxd2 20. fxg6 hxg6 21. Qxd2 Nxc4 22. Qc3 Nxb2 23. Nxb2 Qg5 24. Kh1 Nf4 25. Bf3 Bb5 26. Rg1 Qe5 27. Qxe5 dxe5 28. Rgc1 Rfc8 29. a4 Be2 30. Bxe2 Nxe2 31. Re1 Nc3 32. Rbc1 Rxb2 33. Rxc3 Rb4 34. Rec1 Rxa4 35. d6 Rxe4 36. Rxc5 Re1+ 37. Rxe1 Rxc5 38. Rd1 Rc8 39. Ra1 Ra8 40. d7 Rd8 41. Rxa6 Rxd7 42. Kg2 Kg7 43. Ra5 Re7 44. Kf3 f5 45. Ra6 Kf7 46. h4 Re6 47. Ra7+ Kf6 48. Rh7 Ra6 49. h5 e4+ 50. Kf2 Ra2+ 51. Ke3 Ra3+ 52. Kf2 gxh5 53. Rxh5 Ke5 54. Rh8 Ra2+ 55. Ke1 f4 56. Rd8 f3 0-1

[Event "Clark Harmon Memorial"]
[Site "Chess.com INT"]
[Date "2020.04.05"]
[Round "?"]
[White "Jiang, Brandon"]
[Black "Vijayakumar, Advaith"]
[Result "1/2-1/2"]
[WhiteElo "2110"]
[BlackElo "2026"]
[PlyCount "83"]
[EventDate "2020.04.04"]
[EventType "swiss"]
[EventRounds "6"]
[EventCountry "USA"]
[SourceTitle "EXT 2024"]
[Source "ChessBase"]
[SourceDate "2023.10.10"]
[SourceVersion "1"]
[SourceVersionDate "2023.10.10"]
[SourceQuality "1"]

1. e4 c5 2. Nf3 Nc6 3. Bb5 g6 4. 0-0 Bg7 5. c3 Nf6 6. Re1 0-0 7. d4 cxd4 8. cxd4 d5 9. e5 Ne4 10. Nc3 Nxc3 11. bxc3 Qa5 12. a4 Bg4 13. Bd2 Bxf3 14. Qxf3 Nxd4 15. cxd4 Qxd2 16. Rad1 Qb2 17. Qxd5 Rad8 18. Qxb7 Rxd4 19. Rxd4 Qxd4 20. Qxe7 a6 21. Bxa6 Qxa4 22. Bf1 Re8 23. Qc5 Bf8 24. Qd5 Qa8 25. Qd4 Qa5 26. Qe4 Bc5 27. h3 Qd2 28. Re2 Qd4 29. Qxd4 Bxd4 30. Re4 Rd8 31. Bc4 Bc3 32. e6 fxe6 33. Rxe6 Kf8 34. Kh2 Bd4 35. Re4 Bc5 36. Rf4+ Kg7 37. Rf7+ Kh6 38. g3 Rf8 39. Rxf8 Bxf8 40. Kg2 g5 41. Kf3 Bc5 42. Bd3 1/2-1/2